| 000 | 00761nam a22002297a 4500 | ||
|---|---|---|---|
| 008 | 131127b xxu||||| |||| 00| 0 eng d | ||
| 024 | _cAvailable | ||
| 037 | _cAvailable | ||
| 040 |
_aMBSTU LIBRARY _dMBSTU LIBRARY |
||
| 082 |
_222 _a364.603 CRI |
||
| 110 | _aWebsters Home Library . | ||
| 245 | _aCrimes and punishment : the illustrated crime encyclopedia, V-1-28 | ||
| 260 |
_aNew York _bWebsters Home Library . _c1994 |
||
| 300 |
_a28 cm. _b128 page _f28 _g28 cm. |
||
| 600 | _2Crime punishment- encyclopedis. | ||
| 650 | _2Crime punishment- encyclopedis. | ||
| 710 | _aWebsters Home Library . | ||
| 270 |
_aNew York _bNew York _dUSA |
||
| 365 |
_b9000.00 _d9000.00 |
||
| 942 |
_2ddc _cBK |
||
| 999 |
_c901 _d901 |
||